Problems on thermodynamics (Record no. 30170)

000 -LEADER
fixed length control field 00608nam a22002051a 4500
001 - CONTROL NUMBER
control field 30170
003 - CONTROL NUMBER IDENTIFIER
control field BD-DhUET
008 - FIXED-LENGTH DATA ELEMENTS--GENERAL INFORMATION
fixed length control field 831201s1962 nyua 000 0 eng
040 ## - CATALOGING SOURCE
Original cataloging agency DLC
Transcribing agency OCU
Modifying agency Uk
-- BD-DhUET
082 ## - DEWEY DECIMAL CLASSIFICATION NUMBER
Classification number 621.01
Item number FAI/1962
100 ## - MAIN ENTRY--PERSONAL NAME
Personal name Faires, Virgil Moring
245 10 - TITLE STATEMENT
Title Problems on thermodynamics
Statement of responsibility, etc. Virgil Moring Faires, Clifford M. Simmang, Alexander V. Brewer.
250 ## - EDITION STATEMENT
Edition statement 4th ed.
260 ## - PUBLICATION, DISTRIBUTION, ETC. (IMPRINT)
Place of publication, distribution, etc. London
Name of publisher, distributor, etc. Collier-Macmillan
Date of publication, distribution, etc. 1962
300 ## - PHYSICAL DESCRIPTION
Extent viii, 184 p.
Other physical details ill.
Dimensions 24 cm.
650 #0 - SUBJECT ADDED ENTRY--TOPICAL TERM
Topical term or geographic name as entry element Thermodynamics
700 1# - ADDED ENTRY--PERSONAL NAME
Personal name Simmang, Clifford M.
700 1# - ADDED ENTRY--PERSONAL NAME
Personal name Brewer, Alexander V.
942 ## - ADDED ENTRY ELEMENTS (KOHA)
Koha item type General Book
Holdings
Price effective from Damaged status Withdrawn status Source of classification or shelving scheme Lost status Shelving location Sublocation or collection (holding branch) Piece designation (barcode) Location (home branch) Date acquired Not for loan Koha normalized classification for sorting Koha date last seen Koha full call number Copy number Koha item type
2015-06-21    Reading sectionCentral Library, BUET42950Central Library, BUET2015-06-21 621_010000000000000_FAI_19622015-06-21621.01/FAI/19621General Book
2015-06-21    Reading sectionCentral Library, BUET42949Central Library, BUET2015-06-21 621_010000000000000_FAI_19622015-06-21621.01/FAI/19622General Book
2015-06-21    Reading sectionCentral Library, BUET42952Central Library, BUET2015-06-21 621_010000000000000_FAI_19622015-06-21621.01/FAI/19623General Book
2015-06-21    Reading sectionCentral Library, BUET42951Central Library, BUET2015-06-21 621_010000000000000_FAI_19622015-06-21621.01/FAI/19624General Book
2015-06-21    Reading sectionCentral Library, BUET42953Central Library, BUET2015-06-21 621_010000000000000_FAI_19622015-06-21621.01/FAI/19625General Book
2015-06-23    Reading sectionCentral Library, BUET42948Central Library, BUET2015-06-23 621_010000000000000_FAI_19622015-06-23621.01/FAI/19626Reading Item